[Event "Oulu We Sh 77 op"]
[Site "Oulu"]
[Date "2005.02.26"]
[Round "1"]
[White "Kumpuniemi, Tapio"]
[Black "Haaranen, Hannu"]
[Result "1-0"]
[WhiteElo "1605"]
[BlackElo "1607"]
[PlyCount "53"]
[EventDate "2005.02.26"]
[EventType "swiss"]
[EventRounds "5"]
[EventCountry "FIN"]
[SourceTitle "EXT 2007"]
[Source "ChessBase"]
[SourceDate "2006.11.23"]
[SourceVersion "1"]
[SourceVersionDate "2006.11.23"]
[SourceQuality "1"]

1. d4 Nf6 2. c4 e6 3. Nc3 Bb4 4. e3 c5 5. Nf3 0-0 6. Bd3 Nc6 7. a3 Bxc3+ 8. bxc3 Qc7 9. Qc2 h6 10. 0-0 Na5 11. e4 d6 12. Bf4 Nh5 13. Be3 e5 14. d5 b6 15. Nh4 Ba6 16. Qe2 Nf6 17. Nf5 Kh7 18. Qf3 Rg8 19. Qh3 Bc8 20. Qh4 Bxf5 21. exf5 Qd8 22. g4 e4 23. Be2 Rh8 24. Kh1 Ng8 25. g5 Qe7 26. Rg1 Re8 27. g6+ 1-0